000 00981nam a2200277Ia 4500
001 Para_1343
003 CHAP
008 220125s1998 xx 000 0 und d
010 _a200051
040 _cCHAP
090 _aPA TESIS 1284
100 _aJoaquín Torres, Salvador
_961730
245 _aActividad protectante del Fluxofenim (Concep III), aplicado en grano de sorgo (Sorghum bicolor (L.), contra la acción del metolaclor en dos ambientes diferentes /
_c por Salvador Joaquín Torres
260 _aChapingo, Méx. :
_b El autor
300 _a49 h.
502 _aTesis (Ing. Agr. Esp. en Parasitología Agrícola), UACh. Depto. Parasitología
650 _aSorgo
_x malas hierbas
_xcontrol
_9108692
710 _aUACh. Departamento de Parasitología Agrícola
_9115877
901 _aPA TESIS 1284
902 _aA
905 _a0000001998 i 0000000000 00
910 _a1998
942 _cPARA
942 _cPARA
_d1
999 _c200051
_d200051